Регионална библиотека "Любен Каравелов" - Русе

Матура за отличен - Руски език (Запис номер 106095)

MARC детайли
000 -Лидер
Контролно поле с фиксирана дължина nam a22 a 4500
003 - Код на организацията, давaща контролен номер
Контролно поле BLK
005 - Дата и час на последна редакция
Контролно поле 20210203095033.0
008 - Елементи от данни с фиксирана дължина
fixed length control field 180409b bul|||||r ||||||| ||bul||
010 ## - Наследен системен номер
LC control number KNG00111347000
020 ## - Международен стандартен номер на книга ISBN
Международен стандартен номер на книга ISBN 954-01-1376-8
040 ## - Източник на каталожния запис
Идентификатор на билиотеката - собственик на записа BLK
041 ## - Код за език
Код за езика на текст/звукозапис или на отделно заглавие Руски
Код за езика КДБФ Руски
080 ## - УДК
Текстов определител УДК Руски език
УДК код - определител по УДК 811.161.1
УДК определител (075.3)
УДК - код + определител 811.161.1(075.3)
100 1# - Редна дума - Автор
Автор Лилова, Галина Георгиева
Авторска отговорност първи автор
R(LIN) 364694
139 ## - Редно поле
Редна дума Лилова, Галина Георгиева и др.
Авторски знак Лил - Л 58
245 10 - Сведения за заглавието
Заглавие Матура за отличен - Руски език
Подзаглавни данни Помагало за зрелостници и кандидат-студенти
Редно поле (дума) Галина Георгиева Лилова; съавт. Елена Владимировна Димитрова; съавт. Лиляна Петрова Изворска.
257 ## - Страна на издаване
Страна на създаване/издаване България
260 ## - Област на издателските данни
Име на издателя, разпространителя и проч. Просвета
Година на издаване 2003
Печатница София : Инвестпрес
Място на издаване, разпространение и проч. София
300 ## - Физическа характеристика
Страници 156 с.
Илюстрации и др. с табл.
Размери/Мащаб 25 см
Съпровождащи материали 1 аудиокасета
380 ## - Жанр
Жанр Езикознание. Филология
490 ## - СЕРИИ (Колекции)
Име на серия Матура за отличен
9 (RLIN) 203866
500 ## - Общи забележки
Забележка Съдържа и Учебно-изпитна програма държавен зрелостен изпит по руски език. - Аудиокасета със сигн. Цб Фб 1937
650 #4 - Допълнително описание по предмет – тема
Основно описание – тема или топоним Руски език - учебници за средни училища
9 (RLIN) 245720
653 ## - Ключова дума – ненормативна
Ключова дума руски език
653 ## - Ключова дума – ненормативна
Ключова дума зрелостни изпити
653 ## - Ключова дума – ненормативна
Ключова дума кандидатстудентски изпити
700 1# - Други автори (авторска отговорност)
Лично име Димитрова, Елена Владимировна
Автороска отговорност (Описва отношението между автора и произведението) съавт.
9 (RLIN) 292285
700 1# - Други автори (авторска отговорност)
Лично име Изворска, Лиляна Петрова
Автороска отговорност (Описва отношението между автора и произведението) съавт.
9 (RLIN) 364245
852 ## - Местоположение
Форматна сигнатура Цб ІІ 12470
Фондова буква Хранилище
856 4# - Електронен адрес и достъп
Електронен формат pdf - файл
856 4# - Електронен адрес и достъп
Електронен формат pdf - файл
999 ## - СИСТЕМНИ КОНТРОЛНИ НОМЕРА
Koha biblionumber 106095
Koha biblioitemnumber 106095
942 ## - АРТИКУЛИ
Вид на библиотечния материал Книги
Скрит в OPAC Не
Периодичен библиозапис Да
944 ## - СЪЗДАВАНЕ И РЕДАКЦИЯ на ЗАПИСА
Създаване/Редакция Създаване
Дата на регистрацията/редакция 24.02.2004
Служител, извършил регистрацията/редакцията Геновева_Генчева
944 ## - СЪЗДАВАНЕ И РЕДАКЦИЯ на ЗАПИСА
Създаване/Редакция Редакция
Дата на регистрацията/редакция 22.04.2004
999 ## - СИСТЕМНИ КОНТРОЛНИ НОМЕРА
Koha biblioitemnumber 106095
Наличности
Код за отписване Код за изгубен артикул Източник на класификационната схема Код за повреда Коз за рестрикции Код за отдаване Артикулен № Име на библиотеката - собственик Име на библиотеката, в която се намира в момента Статус (Текущо местоположение) Дата на вписване в системата Местоположение - отдел Цена в лева Инвентарен номер Систематично азбучна сигнатура Баркод Номер на екземпляра Цена в евро Служебна бележка Служебен тип на артикула
  Не е изгубен Universal Decimal Classification Не е повреден само за читалня ползва се в читалня 171120 Регионална библиотека "Любен Каравелов" Русе Регионална библиотека "Любен Каравелов" Русе Хранилище 2004-02-24 Хранилище 12.00 120000683089 Цб ІІ 12470 120000683089 1 6.14 Дост: Dp Вид: Д N: 15 Дата: 26.03.2003 Книги
Изтеглен Не е изгубен Universal Decimal Classification Не е повреден без рестрикции заемане за дома 171121 Регионална библиотека "Любен Каравелов" Русе Регионална библиотека "Любен Каравелов" Русе ЧЧЗО - англ. ез. - Британски съвет 2004-04-21 ЧЧЗО - англ. ез. - Британски съвет 7.00 120000684764 Ч3 808.2/Л 58 120000684764 2 3.58 Дост: Pk Вид: Ф N: 4866 Дата: 21.04.2004 Дата инв: 20.03.2015 Бележки инв: Ч32015 Книги
Vip Innovations Ltd, Rousse, Bulgaria 2025